Pokémon - Les attaques de Ceribou - Statistiques

Statistiques générales
  • Ce quiz a été pris 17 fois
  • Le résultat moyen est 6 sur 11
Statistiques - réponses
Niveaux Types Noms des attaques % Correct
Départ Normal Charge
100%
Niveau 5 Plante Feuillage
67%
Niveau 20 Plante Feuille Magik
67%
Niveau 40 Plante Soucigraine
67%
Niveau 26 Plante Vampigraine
67%
Niveau 30 Normal Bélier
56%
Niveau 10 Normal Croissance
56%
Niveau 45 Plante Lance-Soleil
56%
Niveau 35 Plante Tempête Floral
56%
Niveau 15 Normal Coup d'Main
33%
Départ Normal Aurore
11%
Aucun quiz correspondant
Distribution des résultats
% des personnes avec chaque résultat
Percentile par nombre de réponses
Votre historique - résultats
Vous n’avez pas pris ce quiz